| 000 | 00908cab a22002055a 4500 | ||
|---|---|---|---|
| 001 | L159128 | ||
| 008 | 160204e20160130xxk 000 0 eng d | ||
| 035 | _a(Sirsi) u159128 | ||
| 041 | 0 | _aeng | |
| 100 | 1 | _aHighmore, Sue | |
| 245 | 0 | 0 | _aAgreement for lease, Part 2 |
| 260 | _c2016 | ||
| 490 |
_aEstates Gazette _v(1604) 30 January 2016, 104-105(2) |
||
| 520 | _aPart 2 of the review of what aspects an agreement for lease should cover. Discusses two of the more common conditions which must be satisfied before the lease is completed. These are; the prospective landlord needs consent of third parties to the proposed letting and the landlord needs to build the premises or carry out specified works to make existing premises suitable for the prospective tenant. | ||
| 590 | _aKA | ||
| 651 | 4 | _aUnited Kingdom | |
| 690 |
_aLandlord and tenant _96252 |
||
| 690 |
_aLeasing/Letting _96253 |
||
| 942 | _n0 | ||
| 999 |
_c84810 _d84810 |
||